[Event "Bayern-ch"]
[Site "Bad Griesbach"]
[Date "2016.08.27"]
[Round "9"]
[White "Braun, Thomas1"]
[Black "Kaeck, Ralf"]
[Result "1/2-1/2"]
[WhiteElo "2168"]
[BlackElo "1982"]
[PlyCount "105"]
[EventDate "2016.08.21"]
[EventType "swiss"]
[EventRounds "9"]
[EventCountry "GER"]
[SourceTitle "EXT 2022"]
[Source "ChessBase"]
[SourceDate "2021.10.06"]
[SourceVersion "1"]
[SourceVersionDate "2021.10.06"]
[SourceQuality "1"]

1. d4 d6 2. c4 f5 3. Nf3 e6 4. g3 Nf6 5. Bg2 Be7 6. 0-0 0-0 7. Nc3 Qe8 8. Re1 Qg6 9. e4 fxe4 10. Nxe4 Nxe4 11. Rxe4 Nc6 12. Re1 Nb4 13. Re2 Bf6 14. Be3 Kh8 15. Qd2 Nc6 16. d5 Ne5 17. Nxe5 Bxe5 18. f4 Bf6 19. Rf1 exd5 20. cxd5 Bg4 21. Ref2 Rae8 22. Rc1 Bd8 23. Bd4 Rf7 24. h3 Bd7 25. g4 Bh4 26. Rff1 Bb5 27. f5 Qg5 28. Qxg5 Bxg5 29. Rce1 Rfe7 30. Rxe7 Rxe7 31. Rf2 Re1+ 32. Kh2 b6 33. Kg3 Rd1 34. Bc3 Bc4 35. h4 Bf6 36. g5 Bxc3 37. bxc3 Bxd5 38. Re2 Rd3+ 39. Kf4 Bf7 40. Re7 Kg8 41. Rxc7 Bxa2 42. Be4 Rh3 43. Rxa7 Rxh4+ 44. Ke3 Bc4 45. Ra4 b5 46. Bd5+ Kf8 47. Ra8+ Ke7 48. Ra7+ Kf8 49. Bc6 Rh3+ 50. Kf4 Rxc3 51. Ra8+ Ke7 52. Ra7+ Kf8 53. Ra8+ 1/2-1/2

[Event "Regionalliga NO 1314"]
[Site "Bayern"]
[Date "2014.04.06"]
[Round "9.5"]
[White "Kaeck, Ralf"]
[Black "Ammon, Tobias"]
[Result "0-1"]
[WhiteElo "1880"]
[BlackElo "2118"]
[PlyCount "52"]
[EventDate "2013.10.13"]
[EventType "team-tourn"]
[EventRounds "9"]
[EventCountry "GER"]
[SourceTitle "EXT 2015"]
[Source "ChessBase"]
[SourceDate "2014.11.20"]
[SourceVersion "1"]
[SourceVersionDate "2014.11.20"]
[SourceQuality "1"]
[WhiteTeam "Windischeschenbach"]
[BlackTeam "Altensittenbach"]
[WhiteTeamCountry "GER"]
[BlackTeamCountry "GER"]

1. d4 d5 2. Nf3 Nf6 3. e3 c6 4. c4 Bg4 5. h3 Bxf3 6. Qxf3 e6 7. Bd3 Nbd7 8. 0-0 Bd6 9. Nc3 0-0 10. Qe2 g6 11. Rd1 Re8 12. b3 Qe7 13. Bb2 Rad8 14. f4 Nh5 15. g4 Ng7 16. c5 Bb8 17. Qf2 f5 18. g5 e5 19. dxe5 Nxc5 20. Bf1 Nce6 21. h4 a6 22. Kg2 Ba7 23. Qf3 Qc5 24. Rd3 d4 25. Nd1 dxe3 26. Rc1 Qb6 0-1

[Event "Regionalliga NO 1112"]
[Site "Bayern"]
[Date "2012.02.05"]
[Round "6.5"]
[White "Kaeck, Ralf"]
[Black "Reindl, Wolfgang"]
[Result "0-1"]
[WhiteElo "2018"]
[BlackElo "1991"]
[PlyCount "62"]
[EventDate "2011.10.02"]
[EventType "team-tourn"]
[EventRounds "9"]
[EventCountry "GER"]
[SourceTitle "EXT 2013"]
[Source "ChessBase"]
[SourceDate "2012.11.22"]
[SourceVersion "1"]
[SourceVersionDate "2012.11.22"]
[SourceQuality "1"]
[WhiteTeam "Windischeschenbach"]
[BlackTeam "Amberg Siemens"]
[WhiteTeamCountry "GER"]
[BlackTeamCountry "GER"]

1. d4 d5 2. Nf3 Nf6 3. e3 e6 4. Bd3 c5 5. b3 Nc6 6. 0-0 Bd6 7. Bb2 0-0 8. Ne5 Bd7 9. Nd2 Rc8 10. a3 Ne8 11. Nxd7 Qxd7 12. dxc5 Bxc5 13. Qh5 f5 14. Rfd1 Nf6 15. Qh3 Rcd8 16. b4 Bb6 17. c4 Qf7 18. Nf3 Ne4 19. Rac1 h6 20. Ne5 Nxe5 21. Bxe5 Rd7 22. cxd5 Rxd5 23. Bb2 Rfd8 24. Bc2 Rxd1+ 25. Rxd1 Rxd1+ 26. Bxd1 f4 27. Qf3 fxe3 28. fxe3 Qxf3 29. Bxf3 Bxe3+ 30. Kh1 Nf2+ 31. Kg1 Nd3+ 0-1

[Event "Regionalliga NO 1112"]
[Site "Bayern"]
[Date "2011.12.11"]
[Round "4.5"]
[White "Zach, Andreas1"]
[Black "Kaeck, Ralf"]
[Result "1/2-1/2"]
[WhiteElo "1809"]
[BlackElo "2018"]
[PlyCount "37"]
[EventDate "2011.10.02"]
[EventType "team-tourn"]
[EventRounds "9"]
[EventCountry "GER"]
[SourceTitle "EXT 2013"]
[Source "ChessBase"]
[SourceDate "2012.11.22"]
[SourceVersion "1"]
[SourceVersionDate "2012.11.22"]
[SourceQuality "1"]
[WhiteTeam "Lauf"]
[BlackTeam "Windischeschenbach"]
[WhiteTeamCountry "GER"]
[BlackTeamCountry "GER"]

1. d4 Nf6 2. Bg5 g6 3. Bxf6 exf6 4. e3 d5 5. Nd2 Bg7 6. Bd3 0-0 7. Ne2 Re8 8. 0-0 Nd7 9. Nf4 Nf8 10. Qf3 c6 11. Rab1 Ne6 12. Nxe6 fxe6 13. Qg3 e5 14. f4 exf4 15. exf4 Bd7 16. Qf2 Qc7 17. g3 Re7 18. Rfe1 Rae8 19. Rxe7 1/2-1/2

[Event "Regionalliga NO 1112"]
[Site "Bayern"]
[Date "2011.11.20"]
[Round "3.5"]
[White "Kaeck, Ralf"]
[Black "Goetz, Andreas"]
[Result "1-0"]
[WhiteElo "2018"]
[BlackElo "2082"]
[PlyCount "71"]
[EventDate "2011.10.02"]
[EventType "team-tourn"]
[EventRounds "9"]
[EventCountry "GER"]
[SourceTitle "EXT 2013"]
[Source "ChessBase"]
[SourceDate "2012.11.22"]
[SourceVersion "1"]
[SourceVersionDate "2012.11.22"]
[SourceQuality "1"]
[WhiteTeam "Windischeschenbach"]
[BlackTeam "Erlangen"]
[WhiteTeamCountry "GER"]
[BlackTeamCountry "GER"]

1. d4 Nf6 2. Nf3 e6 3. e3 b6 4. Bd3 Bb7 5. 0-0 c5 6. c4 Be7 7. Nc3 cxd4 8. exd4 0-0 9. d5 exd5 10. cxd5 d6 11. Nd4 Nbd7 12. Nf5 Ne5 13. Re1 Re8 14. Bb5 Nfd7 15. Bxd7 Nxd7 16. Qg4 g6 17. Be3 Ne5 18. Qg3 Nc4 19. Bd4 f6 20. Re6 Bc8 21. Nxe7+ Rxe7 22. Rxf6 Qe8 23. h4 Re1+ 24. Rxe1 Qxe1+ 25. Kh2 Ne5 26. Bxe5 Qxe5 27. Qxe5 dxe5 28. Kg3 Bf5 29. Rc6 Rd8 30. Kf3 Rf8 31. Ke3 Rf7 32. f3 Kg7 33. g4 Bc2 34. Kd2 e4 35. Nxe4 Bb1 36. Nc3 1-0

[Event "Oberpfalz-ch M1"]
[Site "Kelheim"]
[Date "2009.04.06"]
[Round "6"]
[White "Enders, Christian"]
[Black "Kaeck, Ralf"]
[Result "0-1"]
[WhiteElo "1723"]
[BlackElo "1997"]
[PlyCount "92"]
[EventDate "2009.04.04"]
[EventType "swiss"]
[EventRounds "8"]
[EventCountry "GER"]
[SourceTitle "EXT 2022"]
[Source "ChessBase"]
[SourceDate "2021.10.06"]
[SourceVersion "1"]
[SourceVersionDate "2021.10.06"]
[SourceQuality "1"]

1. d4 Nf6 2. Nf3 g6 3. c4 Bg7 4. Nc3 0-0 5. e4 d6 6. h3 e5 7. Be3 Nc6 8. g3 exd4 9. Nxd4 Nxd4 10. Bxd4 Re8 11. Bg2 Be6 12. Qd3 c5 13. Be3 Nd7 14. f4 f5 15. 0-0 fxe4 16. Nxe4 Nb6 17. Rac1 Nxc4 18. Bf2 Nxb2 19. Qxd6 Nd3 20. Bxc5 Nxc5 21. Qxd8 Raxd8 22. Nxc5 Bxa2 23. Nxb7 Rd2 24. Rfd1 Bd4+ 25. Kh1 Ree2 26. Rxd2 Rxd2 27. Nc5 Rb2 28. Ne4 Rb1 29. Rxb1 Bxb1 30. Nd2 Bd3 31. Bd5+ Kf8 32. Nf3 Bc3 33. Ng5 h6 34. Nf7 Bg7 35. Kg2 a5 36. Ne5 Bxe5 37. fxe5 a4 38. Kf3 a3 39. Ba2 Ke7 40. g4 g5 41. Ke3 Ba6 42. Kd4 Bc8 43. Kc3 Be6 44. Bxe6 Kxe6 45. Kb3 Kxe5 46. Kxa3 Kf4 0-1

[Event "Oberpfalz-ch M1"]
[Site "Kelheim"]
[Date "2009.04.05"]
[Round "4"]
[White "Muehlbauer, Hans Rainer"]
[Black "Kaeck, Ralf"]
[Result "1/2-1/2"]
[WhiteElo "2003"]
[BlackElo "1997"]
[PlyCount "33"]
[EventDate "2009.04.04"]
[EventType "swiss"]
[EventRounds "8"]
[EventCountry "GER"]
[SourceTitle "EXT 2022"]
[Source "ChessBase"]
[SourceDate "2021.10.06"]
[SourceVersion "1"]
[SourceVersionDate "2021.10.06"]
[SourceQuality "1"]

1. d4 Nf6 2. Nf3 g6 3. c4 Bg7 4. Nc3 0-0 5. e3 d6 6. Be2 Nbd7 7. Qc2 e5 8. 0-0 exd4 9. exd4 d5 10. Bf4 c6 11. cxd5 Nxd5 12. Nxd5 cxd5 13. Rac1 Re8 14. Bd3 Nf8 15. Bc7 Qe7 16. Bf4 Ne6 17. Rfe1 1/2-1/2

[Event "Regionalliga NO 0809"]
[Site "Bayern"]
[Date "2008.10.05"]
[Round "1.4"]
[White "Meulner, Klaus"]
[Black "Kaeck, Ralf"]
[Result "1-0"]
[WhiteElo "2069"]
[BlackElo "1987"]
[PlyCount "55"]
[EventDate "2008.10.05"]
[EventType "team-tourn"]
[EventRounds "9"]
[EventCountry "GER"]
[SourceTitle "EXT 2020"]
[Source "ChessBase"]
[SourceDate "2019.10.17"]
[SourceVersion "1"]
[SourceVersionDate "2019.10.17"]
[SourceQuality "1"]
[WhiteTeam "Nuernberg Sued SW"]
[BlackTeam "Windischeschenbach"]
[WhiteTeamCountry "GER"]
[BlackTeamCountry "GER"]

1. d4 Nf6 2. Bg5 g6 3. Bxf6 exf6 4. c4 f5 5. e3 Bg7 6. Nc3 0-0 7. g3 d6 8. Nge2 Nd7 9. Bg2 Nf6 10. 0-0 Re8 11. Qd3 c6 12. b4 Rb8 13. a4 Qc7 14. a5 b6 15. axb6 axb6 16. b5 c5 17. Nf4 cxd4 18. exd4 Qe7 19. Bc6 Bd7 20. Ra7 Qd8 21. Nfd5 Bxc6 22. bxc6 Nxd5 23. Nxd5 Qc8 24. c7 Rb7 25. Rxb7 Qxb7 26. Rb1 Kf8 27. Rxb6 Qa7 28. Kg2 1-0

[Event "Oberpfalz-ch M1"]
[Site "Windischeschenbach"]
[Date "2007.04.02"]
[Round "5"]
[White "Kaeck, Ralf"]
[Black "Straschewski, Joerg"]
[Result "1-0"]
[WhiteElo "2027"]
[BlackElo "2120"]
[PlyCount "73"]
[EventDate "2007.03.31"]
[EventType "swiss"]
[EventRounds "8"]
[EventCountry "GER"]
[SourceTitle "EXT 2022"]
[Source "ChessBase"]
[SourceDate "2021.10.06"]
[SourceVersion "1"]
[SourceVersionDate "2021.10.06"]
[SourceQuality "1"]

1. d4 Nf6 2. c4 g6 3. Nc3 Bg7 4. e4 d6 5. Nf3 0-0 6. Be2 e5 7. 0-0 Nc6 8. d5 Ne7 9. Ne1 Nd7 10. Be3 f5 11. f3 f4 12. Bf2 g5 13. Rc1 Ng6 14. Nd3 Nf6 15. c5 Rf7 16. cxd6 cxd6 17. Nb5 h5 18. Nxa7 Bd7 19. Qb3 Qb8 20. Nb5 Bxb5 21. Qxb5 Rxa2 22. Bd1 Ra8 23. Bb6 Bf8 24. Rf2 g4 25. Rfc2 h4 26. Nf2 g3 27. Nh3 Nh7 28. hxg3 hxg3 29. Kf1 Qe8 30. Qxe8 Rxe8 31. Rc8 Rxc8 32. Rxc8 Kg7 33. Ba4 Kf6 34. Rb8 Kg7 35. b4 Nh8 36. Bd8 Ng6 37. Be8 1-0

[Event "Oberpfalz-ch M1"]
[Site "Windischeschenbach"]
[Date "2007.03.31"]
[Round "2"]
[White "Kaeck, Ralf"]
[Black "Maurer, Heinrich"]
[Result "1/2-1/2"]
[WhiteElo "2027"]
[BlackElo "2047"]
[PlyCount "65"]
[EventDate "2007.03.31"]
[EventType "swiss"]
[EventRounds "8"]
[EventCountry "GER"]
[SourceTitle "EXT 2022"]
[Source "ChessBase"]
[SourceDate "2021.10.06"]
[SourceVersion "1"]
[SourceVersionDate "2021.10.06"]
[SourceQuality "1"]

1. d4 Nf6 2. c4 g6 3. Nc3 Bg7 4. e4 d6 5. Nf3 0-0 6. Be2 c5 7. 0-0 cxd4 8. Nxd4 Nc6 9. Be3 Bd7 10. Qd2 Qc8 11. f4 Re8 12. h3 Be6 13. b3 a6 14. Rac1 Qc7 15. Nd5 Qd8 16. Nxe6 fxe6 17. Bb6 Nxe4 18. Qc2 Bd4+ 19. Bxd4 Nxd4 20. Qxe4 Nxe2+ 21. Qxe2 exd5 22. Qe6+ Kg7 23. cxd5 Rc8 24. f5 Rxc1 25. Rxc1 Rf8 26. fxg6 hxg6 27. Qe3 Rf5 28. Qc3+ Kf7 29. Qd4 Qa5 30. Qh8 Qxd5 31. Qh7+ Kf6 32. Qh8+ Kf7 33. Qh7+ 1/2-1/2

[Event "Oberpfalz-ch M1"]
[Site "Windischeschenbach"]
[Date "2007.03.31"]
[Round "1"]
[White "Schmalz, David"]
[Black "Kaeck, Ralf"]
[Result "1/2-1/2"]
[WhiteElo "1738"]
[BlackElo "2027"]
[PlyCount "85"]
[EventDate "2007.03.31"]
[EventType "swiss"]
[EventRounds "8"]
[EventCountry "GER"]
[SourceTitle "EXT 2022"]
[Source "ChessBase"]
[SourceDate "2021.10.06"]
[SourceVersion "1"]
[SourceVersionDate "2021.10.06"]
[SourceQuality "1"]

1. e4 e6 2. b3 d5 3. Bb2 Nf6 4. exd5 exd5 5. Qe2+ Be6 6. Qb5+ Nbd7 7. Qxb7 Bd6 8. Bxf6 Nxf6 9. Bb5+ Ke7 10. Qa6 Ne4 11. Ne2 Rb8 12. Nd4 Kf8 13. Nc3 Rb6 14. Qa4 a6 15. Nxe6+ fxe6 16. Bd3 Nxd2 17. 0-0-0 Bb4 18. Ne2 Qg5 19. f4 Qf6 20. c3 Bxc3 21. Rxd2 Bxd2+ 22. Kxd2 Ke7 23. Qd4 Qxd4 24. Nxd4 c5 25. Nf3 Rf8 26. g3 h6 27. Ne5 Rc8 28. Rc1 a5 29. g4 Rb4 30. f5 a4 31. fxe6 axb3 32. axb3 Rxb3 33. Ng6+ Kd6 34. e7 Re8 35. Rf1 c4 36. Bc2 Rh3 37. Rf8 Rxh2+ 38. Kc3 d4+ 39. Kxd4 Rxe7 40. Rd8+ Rd7 41. Rxd7+ Kxd7 42. Bf5+ Ke8 43. Kxc4 1/2-1/2

[Event "Oberpfalz-ch M1"]
[Site "Regensburg"]
[Date "2006.04.10"]
[Round "6.5"]
[White "Wutz, Christoph"]
[Black "Kaeck, Ralf"]
[Result "0-1"]
[WhiteElo "2092"]
[BlackElo "2008"]
[PlyCount "34"]
[EventDate "2006.04.08"]
[EventType "swiss"]
[EventRounds "8"]
[EventCountry "GER"]
[SourceTitle "EXT 2022"]
[Source "ChessBase"]
[SourceDate "2021.10.06"]
[SourceVersion "1"]
[SourceVersionDate "2021.10.06"]
[SourceQuality "1"]

1. e4 e6 2. d4 d5 3. Nc3 Bb4 4. e5 c5 5. dxc5 Qc7 6. Nf3 Nc6 7. Bf4 a6 8. Bd3 d4 9. a3 dxc3 10. axb4 cxb2 11. Rb1 Nxb4 12. 0-0 Ne7 13. Be4 Nbd5 14. Bg3 Nc3 15. Qd3 Nxb1 16. Rxb1 Bd7 17. Rxb2 Bc6 0-1